| 000 | 00651nam a22002293a 4500 | ||
|---|---|---|---|
| 005 | 20220531063629.0 | ||
| 008 | 010517s19931997mx fr 000 0 spa d | ||
| 020 | _a950701098X | ||
| 035 | _aUPN01000106358 | ||
| 049 | _aCG | ||
| 050 | 4 |
_aPC4143 _bS3.6 1993 |
|
| 100 | 1 |
_aSalgado, Hugo, _d1951- _940596 |
|
| 245 | 1 | 1 |
_a¿Qué es la ortografía? : _buna experiencia de aprendizaje / _cHugo Salgado. |
| 250 | _a2a. ed. | ||
| 260 |
_aBuenos Aires : _bAique, _c[1993], imp. [1997]. |
||
| 300 | _a71 p. | ||
| 440 | 0 | _aSerie de la palabra | |
| 650 | 7 |
_aEspañol _xOrtografía _2 _912600 |
|
| 901 | _a179563-179565 | ||
| 902 | _aLG/pgv | ||
| 905 | _aLibro | ||
| 999 |
_c80271 _d80271 |
||